Histoire de l'Académie Royale des Insriptions et Belles-Lettres (Record no. 151345)

MARC details
000 -LEADER
campo de control de longitud fija 01143nam a2200217 i 4500
001 - NÚMERO DE CONTROL
campo de control 151345
003 - IDENTIFICADOR DE NÚMERO DE CONTROL
campo de control ES-MaACL
005 - FECHA Y HORA DE LA ÚLTIMA TRANSACCIÓN
campo de control 20230906203955.0
008 - DATOS DE LONGITUD FIJA--INFORMACIÓN GENERAL
campo de control de longitud fija 990722s1761 fr a |||| | fre d
040 ## - FUENTE DE CATALOGACIÓN
Centro catalogador/agencia de origen LR
Lengua de catalogación spa
Centro/agencia transcriptor LR
110 2# - ENTRADA PRINCIPAL--NOMBRE DE ENTIDAD CORPORATIVA
Nombre de entidad corporativa o nombre de jurisdicción como elemento de entrada Académie des inscriptions et belles-lettres (Francia)
9 (RLIN) 1230
245 10 - MENCIÓN DEL TÍTULO
Título Histoire de l'Académie Royale des Insriptions et Belles-Lettres
Resto del título : avec les Mémoires de Littérature tirés des registres de cette Académie, depuis l'année MDCCLV, jusques & compris l'année MDCCLVII : tome vingt-septième.
260 ## - PUBLICACIÓN, DISTRIBUCIÓN, ETC.
Lugar de publicación, distribución, etc. A Paris :
Nombre del editor, distribuidor, etc. de l'Imprimerie Royale,
Fecha de publicación, distribución, etc. 1761.
300 ## - DESCRIPCIÓN FÍSICA
Extensión [8], 281, [2], 533 p., [2] h. de grab., [7] h. de grab. pleg. ;
Dimensiones 25 cm.
505 8# - NOTA DE CONTENIDO CON FORMATO
Nota de contenido con formato "Mémoires de Littérature ..." 533 p., con portadilla y sign. propias
597 ## - NOTA DE DESCRIPCIÓN FÍSICA
NOTA DE DESCRIPCIÓN FÍSICA Sign. : *4, A-Z4, 2A-2M4, 2N2, A-Z4, 2A-2Z4, 3A-3V4, 3X3.
597 ## - NOTA DE DESCRIPCIÓN FÍSICA
NOTA DE DESCRIPCIÓN FÍSICA Port. con viñeta xil.
599 ## - NOTA A LAS ILUSTRACIONES
NOTA A LAS ILUSTRACIONES Las h. de grab. son calc., en alguna de ellas "Dessine et gravé par le Lorrain", "De-la-Haye sculp." y "Choffard sculpsit"
700 1# - ENTRADA AGREGADA--NOMBRE PERSONAL
Nombre de persona La Haye, Guill. de.
9 (RLIN) 128516
852 ## - LOCALIZACIÓN
Ubicación ES-MaACL
Número de control de estantería R-1298-1343
Nota libre -- Enc. piel
Encuadernación Olim: G-13300-45
Holdings
Estatus retirado Estado de pérdida Estado de daño No para préstamo Colección Biblioteca de origen Biblioteca actual Ubicación en estantería Fecha de adquisición Total de préstamos Signatura topográfica completa Código de barras Visto por última vez Precio de reemplazo Tipo de ítem Koha
        Libros del s. XVIII Biblioteca del Ateneo de Madrid Biblioteca del Ateneo de Madrid Depósito 17/01/2008   R-1298-1343 1157909 23/02/2023 23/02/2023 Libro impreso antiguo